Statistiken für Champions League Topscorer 2001/02

Klicken Sie hier um das Quiz zu spielen!

Allgemein

  • Dieses Quiz wurde 11 mal gespielt
  • Das Durchschnittsergebnis liegt bei 11 aus 22

Antwortstatistiken

RangNationVereinToreAntwort% Korrekt
2FrankreichJuventus8David Trezeguet
100%
1NiederlandeManchester United10Ruud van Nistelrooy
100%
3FrankreichArsenal7Thierry Henry
100%
14PeruBayern München4Claudio Pizarro
88%
5BrasilienBayern München6Giovane Elber
88%
5DeutschlandBayer Leverkusen6Michael Ballack
88%
11DeutschlandBayer Leverkusen5Oliver Neuville
75%
5NiederlandeBarcelona6Patrick Kluivert
75%
5SpanienReal Madrid6Raul
75%
14ItalienJuventus4Alessandro del Piero
63%
3NorwegenManchester United7Ole Gunnar Solskjaer
63%
11EnglandManchester United5David Beckham
50%
11SpanienBarcelona5Luis Enrique
50%
14ArgentinienBarcelona4Javier Saviola
38%
5SpanienDep. La Coruna6Diego Tristan
13%
14ArgentinienReal Madrid4Santiago Solari
13%
14BrasilienBoavista4Elpidio Silva
0%
14FrankreichOL Lyon4Eric Carrierr
0%
14TschechienSparta Praha4Libor Sionko
0%
5ZypernPanathinaikos6Michalis Konstantinou
0%
14TürkeiGalatasaray4Ümit Karan
0%
14RusslandSparta Moskva4Vladimir Beschastnykh
0%

Verteilung der Resultate

Perzentil nach korrekt beantworteten Fragen

Anzahl Personen mit jedem Resultat

Ihre Resultats-Entwicklung

Sie haben dieses Quiz noch nicht gespielt